Информатизация современных технологий обучения в высшей школе

Detalles Bibliográficos
Autor principal: Филатов О. К.
Lenguaje:ruso
Publicado: Ростов-на-Дону, 1997
Materias:
Formato: Libro
KOHA link:https://koha.lib.tpu.ru/cgi-bin/koha/opac-detail.pl?biblionumber=11716

MARC

LEADER 00000nam0a2200000 4500
001 11716
005 20231030183906.0
035 |a (RuTPU)RU\TPU\book\11789 
035 |a BOOK00011855 
090 |a 11716 
100 |a 20011209d1997 m y0rusy50 ca 
101 0 |a rus 
102 |a RU 
105 |a y z 000zy 
200 1 |a Информатизация современных технологий обучения в высшей школе  |f О. К. Филатов 
210 |a Ростов-на-Дону  |d 1997 
215 |a 212 с. 
610 1 |a высшее образование 
610 1 |a образование 
610 1 |a дидактика 
610 1 |a непрерывное образование 
610 1 |a образовательный процесс 
686 |a Ч481.20  |v LBC/SL-A  |2 rubbk 
700 1 |a Филатов  |b О. К. 
801 0 |a RU  |b 63413507  |c 20011209  |g PSBO 
801 2 |a RU  |b 63413507  |c 20060613  |g PSBO 
942 |c BK